Lagar

Guardat en:
Dades bibliogràfiques
Format: Llibre
Idioma:espanyol
Publicat: Santiago Universidad Diego Portales 2011
Edició:2a. ed
Matèries:
Etiquetes: Afegir etiqueta
Sense etiquetes, Sigues el primer a etiquetar aquest registre!

MARC

LEADER 00000cam a2200000 a 4500
001 UCG8580
003 CL-VaPUC
008 111223e20110000CL |||||||||||||||||spa|d
020 |a 9789563140018 
082 0 4 |a Ch861  |b MIS  |2 21 
245 1 0 |a Lagar 
250 |a 2a. ed 
300 |a 187 p 
942 |c BK 
945 |d 20111223 00:00:00  |a cmena 
260 |a Santiago  |b Universidad Diego Portales  |c 2011 
650 0 |a Poesías chilenas   |9 265280 
650 0 |a Literatura chilena   |9 308278 
583 |a last modification  |c 20111223 12:06:00  |k Rodrigo Vera 
999 |c 346186  |d 346184 
952 |0 0  |1 0  |4 0  |6 CH_861_000000000000000_MIS_2011  |7 0  |8 A  |9 446772  |a FDOPOS  |b FDOPOS  |d 2019-11-22  |i 4817427  |o Ch861 MIS 2011  |p 4817427  |r 2025-01-22  |w 2019-11-22  |y BK  |k DLH